000 00321nam a2200133Ia 4500
005 20260326235438.0
008 260326s9999||||xx |||||||||||||| ||und||
100 _aDrexler, Arthur
245 0 _aLudwig Mies Van der Rohe /
_cArthur Drexler
260 _bBruguera
300 _a128 p.
650 _aARQUITECTOS
942 _cBK
999 _c7300
_d7300